| 000 | 01071nam a2200253 a 4500 | ||
|---|---|---|---|
| 001 | 000027752 | ||
| 003 | DO-SdBNP | ||
| 005 | 20231121095345.0 | ||
| 008 | 110404s1936 dr a 000 0 spa d | ||
| 040 |
_aDO-SdBNP _bspa _cBNPHU |
||
| 082 | 4 |
_a923.17293 _bB554p, 1936 _222 |
|
| 100 | 1 |
_aBesault, Lawrence de _953768 |
|
| 245 | 1 | 0 |
_aPresident Trujillo : _bhis work and the Dominican Republic / _cLawrence de Besault. |
| 250 | _a2a. ed. | ||
| 260 |
_aWashington : _bWashington Publishing Company, _c1936. |
||
| 300 |
_a410 p. : _bil. ; _c24 cm. |
||
| 500 | _aAn account of the career of Generalisimo Rafael Leonidas Trujillo Molina, President of the Dominican Republic, and the accomplishments and development of the Dominican Republic under his leadership. | ||
| 600 | 1 | 4 |
_aTrujillo Molina, Rafael Leónidas, _d1891-1961 |
| 651 | 4 |
_aRepública Dominicana _xCondiciones económicas _9281 |
|
| 651 | 4 |
_aRepública Dominicana _xCondiciones sociales _946 |
|
| 651 | 4 |
_aRepública Dominicana _xHistoria _9170 |
|
| 910 | _aValidado. Control de calidad MFF | ||
| 942 |
_2ddc _cLBS1 |
||
| 999 |
_c27244 _d27244 |
||